000 00789nam a2200253Ia 4500
003 OSt
005 20220925182542.0
006 a|||||r|||| 00| 0
007 ta
008 220923b |||||||| |||| 00| 0 eng d
037 _cGeneral Book
040 _aRTL
_cRTL
_beng
041 _2eng
_aeng
082 _aX9(J381:7).44Q7214.N6, K1
110 _aPakistan Academy For Villages Development.
_9256614
245 0 _aAdoption of improved methods of paddy cultivation
260 _aComilla
_bThe Author
_c1961
300 _a37p.
_ccm.
490 _aIts technical publication, 9.
650 _aRice
_9219827
700 _aPakistan Academy For Villages Development.
_9256615
942 _hX9(J381:7).44Q7214.N6, K1
_cGB
_2CC
999 _c502463
_d502463